أهوال القيامة / (رقم التسجيلة. 587)

تفاصيل مارك
000 -الفاتح
عناصر البيانات ثابتة الطول 00621cam a2200181 i 4500
005 - تاريخ ووقت آخر معاملة
حقل ضبط 20251203110557.0
008 - عناصر البيانات ثابتة الطول
عناصر البيانات ثابتة الطول 250721s1983 jo gr 000 0 ara d
082 14 - رقم تصنيف ديوي العشري
رقم التصنيف 214.2
رقم المادة ع ب د
100 1# - مدخل رئيسي – اسم شخصي
الاسم الشخصي الطيبي، عكاشه عبد المنان.
علاقة الشخص بالعمل/ دوره معد.
245 10 - بيان العنوان
العنوان أهوال القيامة /
بيان المسؤولية اعداد عكاشه عبدالمنان الطيبي.
250 ## - بيان الطبعة
بيان الطبعة الطبعه.
264 31 - بيانات النشر، التوزيع…إلخ
مكان النشر، التوزيع...إلخ بيروت :
اسم الناشر، الموزع...إلخ دار الكتب العلمية،
تاريخ النشر، التوزيع...إلخ 1983.
300 ## - الوصف المادي
عدد الوحدات المكونة للوعاء 156 صفحه.
650 17 - مدخل إضافي بالموضوع - مصطلح موضوعي
مصطلح موضوعي أو اسم جغرافي كعنصر مدخل أصول الدين الإسلامي.
650 17 - مدخل إضافي بالموضوع - مصطلح موضوعي
مصطلح موضوعي أو اسم جغرافي كعنصر مدخل اليوم الآخر.
942 ## - بيانات إضافية (كوها)
نوع التنصيف Dewey Decimal Classification
نوع المادة (كوها) كتب
المقتنيات
حالة السحب حالة الفقدان مصدر التصنيف حالة التلف غير قابل للإعارة المكتبة الرئيسية المكتبة الحالية موقع الرف تاريخ التزويد الرقم المتسلسل Total Checkouts رقم الإستدعاء الباركود تاريخ آخر ظهور تاريخ الفاتورة نوع المادة (كوها)
    Dewey Decimal Classification     المكتبة المركزية المكتبة المركزية الإعارة 06/07/2004 114939   214.2/عبد 114939 28/07/2025 06/07/2004 كتب
    Dewey Decimal Classification     المكتبة المركزية المكتبة المركزية الإعارة 28/07/2025 285542   214.2 / ع ب د 285542 28/07/2025 28/07/2025 كتب
    Dewey Decimal Classification Unchecked   مكتبة الحسن العامة مكتبة الحسن العامة الإعارة 06/07/2004 3145   214.2/عبد   28/07/2025 06/07/2004 كتب
Implemented & Customized by: BBB with SCIT (Smart Chains for Information Technology)

Powered by Koha